Statistics for Coaches to Win the Heineken Champions Cup (Rugby)

Click here to take the quiz!

General Stats

  • This quiz has been taken 3 times
  • The average score is 13 of 17

Answer Stats

CoachNationalityClub(s)Year(s)Runners Up% Correct
Dean RichardsEnglishLeicester Tigers (x2)2001,2002
100%
Declan KidneyIrishMunster (x2)2006,20082002
100%
Harry WilliamsIrishUlster1999
100%
Ian McGeechanScottishLondon Wasps2007
100%
Joe SchmidtNew ZealanderLeinster (x2)2011,2012
100%
Leo CullenIrishLeinster20182019,2022,2023
100%
Mark McCallIrishSaracens (x3)2016,2017,20192014
100%
Michael CheikaAustralianLeinster2009
100%
Ronan O'GaraIrishLa Rochelle (x2)2022,20232021
100%
Warren GatlandNew ZealanderLondon Wasps2004
100%
Bernard LaporteFrenchToulon (x3)2013,2014,2015
50%
Guy NovésFrenchToulouse (x4)1996,2003,2005,20102004,2008
50%
John SteeleEnglishNorthampton Saints2000
50%
Rob BaxterEnglishExeter Chiefs2020
50%
Ugo MolaFrenchToulouse2021
50%
Andy RobinsonEnglishBath1998
0%
Laurent SeigneFrenchBrive1997
0%

Score Distribution

Percentile by Number Answered

Percent of People with Each Score

Your Score History

You have not taken this quiz